Capitali che iniziano con la G - Statistics

Statistiche generali
  • Questo quiz è stato fatto 98 volte
  • Il punteggio medio è 4 su 7
Statistiche sulle risposte
Popolazione (ab.) Continente Capitale % Corretto
24 849 America del Sud Georgetown
80%
10 770 487 Asia Giacarta
75%
475 332 Africa Gibuti
68%
231 626 Africa Gaborone
61%
936 425 Asia Gerusalemme
54%
192 157 Africa Gitega
54%
372 410 Africa Giuba
44%
Nessun quiz corrispondente trovato
Distribuzione punteggi
Percentuale di utenti per punteggio
Percentile per numero di risposta
I tuoi punteggi nel tempo
Non hai fatto questo quiz